[Event "Titled Tue 1st Jul Early"]
[Site "chess.com INT"]
[Date "2025.07.01"]
[Round "4"]
[White "Labussiere, Victor"]
[Black "Kozak, Adam"]
[Result "0-1"]
[WhiteTitle "FM"]
[BlackTitle "GM"]
[WhiteElo "2298"]
[BlackElo "2589"]
[WhiteFideId "2183129"]
[BlackFideId "753246"]
[EventDate "2025.07.01"]

1. Nf3 c5 2. c4 g6 3. d4 Bg7 4. d5 b5 5. cxb5 a6 6. b6 d6 7. Nc3 Nd7 8. e4 Ngf6
9. Be2 O-O 10. O-O Nxb6 11. h3 Rb8 12. Re1 Nfd7 13. Qc2 Ne5 14. Nxe5 Bxe5 15.
Bh6 Re8 16. Rab1 Na8 17. b3 Nc7 18. Be3 Nb5 19. Nxb5 axb5 20. b4 c4 21. a4 bxa4
22. Bxc4 Bd7 23. Bb5 Bxb5 0-1

[Event "Titled Tue 1st Jul Early"]
[Site "chess.com INT"]
[Date "2025.07.01"]
[Round "4"]
[White "Hamedi Nia, Vesal"]
[Black "Dahal, Sushrut"]
[Result "1-0"]
[WhiteTitle "WIM"]
[BlackTitle "CM"]
[WhiteElo "2010"]
[BlackElo "2041"]
[WhiteFideId "12542253"]
[BlackFideId "12303275"]
[EventDate "2025.07.01"]

1. d4 Nf6 2. Nf3 e6 3. c4 Bb4+ 4. Nbd2 O-O 5. a3 Be7 6. e3 d6 7. Bd3 Nbd7 8. O-O
e5 9. b4 a5 10. Bb2 Re8 11. Qc2 exd4 12. exd4 Nf8 13. h3 c6 14. Rfe1 d5 15. c5
Ng6 16. Nf1 Nf4 17. Ng3 Nxd3 18. Qxd3 Bd7 19. Ne5 Bf8 20. Bc3 axb4 21. axb4 Qc7
22. Rxa8 Rxa8 23. Bd2 Ra4 24. Qb3 Ra8 25. Bf4 Qc8 26. Bg5 Ne4 27. Nxe4 dxe4 28.
Qxf7+ Kh8 29. Nxd7 1-0

[Event "Titled Tue 1st Jul Early"]
[Site "chess.com INT"]
[Date "2025.07.01"]
[Round "4"]
[White "Subramanian, Anusha"]
[Black "Jimenez Salas, Maria Teresa"]
[Result "1-0"]
[WhiteTitle "WFM"]
[BlackTitle "WIM"]
[WhiteElo "2045"]
[BlackElo "2249"]
[WhiteFideId "477710"]
[BlackFideId "3843866"]
[EventDate "2025.07.01"]

1. Nf3 d5 2. b3 Bg4 3. e3 e5 4. Be2 e4 5. Nd4 Bxe2 6. Nxe2 f5 7. Bb2 Nf6 8. d3
Bd6 9. Ng3 f4 10. exf4 Bxf4 11. Nh5 Bg5 12. h4 O-O 13. hxg5 Ng4 14. Qxg4 1-0

[Event "Titled Tue 1st Jul Early"]
[Site "chess.com INT"]
[Date "2025.07.01"]
[Round "4"]
[White "Priansh, Das"]
[Black "Rubio, Lloyd"]
[Result "1-0"]
[WhiteTitle "FM"]
[WhiteElo "2305"]
[BlackElo "2167"]
[WhiteFideId "45029946"]
[BlackFideId "5210453"]
[EventDate "2025.07.01"]

1. e4 e5 2. Nf3 Nc6 3. Bc4 Bc5 4. O-O Nf6 5. d3 d6 6. c3 O-O 7. h3 h6 8. Re1 a6
9. a4 Ba7 10. Nbd2 Ne7 11. d4 Ng6 12. Nf1 Qe7 13. Bd3 Nh7 14. Ng3 Qf6 15. Be3
Nf4 16. Bxf4 Qxf4 17. Nh5 1-0

[Event "Titled Tue 1st Jul Early"]
[Site "chess.com INT"]
[Date "2025.07.01"]
[Round "4"]
[White "Toth, Christian Endre"]
[Black "Loftgaard, Mikkel Vinh"]
[Result "0-1"]
[WhiteTitle "IM"]
[BlackTitle "FM"]
[WhiteElo "2354"]
[BlackElo "2281"]
[WhiteFideId "2100339"]
[BlackFideId "1468480"]
[EventDate "2025.07.01"]

1. d4 Nf6 2. c4 e6 3. Nf3 b6 4. g3 Bb7 5. Bg2 d5 6. O-O Bd6 7. Bf4 Bxf4 8. gxf4
O-O 9. Nbd2 c5 10. cxd5 Nxd5 11. e3 Nd7 12. Qe2 cxd4 13. Nxd4 Nc5 14. Rfd1 Nxf4
15. exf4 Bxg2 16. Kxg2 Qxd4 17. Nb3 Qxf4 18. Nxc5 bxc5 19. Rac1 Qg5+ 20. Kh1
Rad8 0-1

[Event "Titled Tue 1st Jul Early"]
[Site "chess.com INT"]
[Date "2025.07.01"]
[Round "4"]
[White "Agibileg, Uurtsaikh"]
[Black "Shymanskyi, Oleksandr"]
[Result "1-0"]
[WhiteTitle "IM"]
[BlackTitle "FM"]
[WhiteElo "2380"]
[BlackElo "2218"]
[WhiteFideId "4901606"]
[BlackFideId "14168880"]
[EventDate "2025.07.01"]

1. d4 Nf6 2. c4 e6 3. Nc3 Bb4 4. a3 Bxc3+ 5. bxc3 O-O 6. f3 d6 7. e4 e5 8. Bd3
Nc6 9. Ne2 b6 10. O-O h6 11. f4 exf4 12. Nxf4 Re8 13. Nd5 Nxe4 14. Qh5 f5 15.
Bxh6 Ne7 16. Bxe4 g6 17. Nxe7+ 1-0

[Event "Titled Tue 1st Jul Early"]
[Site "chess.com INT"]
[Date "2025.07.01"]
[Round "4"]
[White "Rabin, Evan"]
[Black "Lu, Xiahan (Luna)"]
[Result "1-0"]
[BlackTitle "WCM"]
[WhiteElo "1945"]
[BlackElo "1896"]
[WhiteFideId "2028670"]
[BlackFideId "4317076"]
[EventDate "2025.07.01"]

1. e4 e6 2. d4 d5 3. Nd2 Nf6 4. e5 Nfd7 5. c3 c5 6. Bd3 Nc6 7. Ne2 cxd4 8. cxd4
f6 9. exf6 Nxf6 10. Nf3 Bd6 11. Bf4 O-O 12. O-O Bxf4 13. Nxf4 Qb6 14. Qd2 Bd7
15. Rfe1 Rae8 16. Rad1 Nb4 17. Bb1 a6 18. Ng5 h6 19. Nf3 Ne4 20. Bxe4 dxe4 21.
Rxe4 Nxa2 22. Rde1 Rf6 23. Nd5 exd5 24. Rxe8+ Bxe8 25. Rxe8+ Kf7 26. Qe2 Qd6 27.
Ra8 Qd7 28. Ne5+ 1-0

[Event "Titled Tue 1st Jul Early"]
[Site "chess.com INT"]
[Date "2025.07.01"]
[Round "4"]
[White "Bristy, Mukherjee"]
[Black "Schnell, Sebastian Narayana"]
[Result "1-0"]
[WhiteTitle "WFM"]
[BlackTitle "CM"]
[WhiteElo "2031"]
[BlackElo "2050"]
[WhiteFideId "25077325"]
[BlackFideId "6605290"]
[EventDate "2025.07.01"]

1. h4 d5 2. a4 e5 3. Na3 Nf6 4. h5 h6 5. e3 Bd6 6. c4 c6 7. d4 e4 8. cxd5 cxd5
9. Nb5 Bg4 10. Be2 Bxe2 11. Qxe2 a6 12. Nxd6+ Qxd6 13. b3 Nc6 14. Ba3 Nb4 15.
Qd2 a5 16. Bxb4 Qxb4 17. Qxb4 axb4 18. Rc1 Kd7 19. Ne2 Rhc8 20. Kd2 Ng4 21. f3
Nf6 22. Nf4 b5 23. Rxc8 Rxc8 24. axb5 Ra8 25. Rc1 Ra2+ 26. Rc2 Ra5 27. b6 Rb5
28. Rc7+ Kd6 29. Rxf7 Rxb6 30. Rxg7 Ra6 31. Rg6 Ke7 32. Nxd5+ 1-0

[Event "Titled Tue 1st Jul Early"]
[Site "chess.com INT"]
[Date "2025.07.01"]
[Round "4"]
[White "Chiu, Isaac"]
[Black "Xie, Bryan"]
[Result "0-1"]
[BlackTitle "FM"]
[WhiteElo "2226"]
[BlackElo "2358"]
[WhiteFideId "30900654"]
[BlackFideId "30941296"]
[EventDate "2025.07.01"]

1. b3 b6 2. Bb2 Bb7 3. Nf3 Nf6 4. g3 g6 5. Bg2 Bg7 6. c4 O-O 7. O-O c5 8. d4
cxd4 9. Nxd4 Bxg2 10. Kxg2 Nc6 11. Nc2 d5 12. cxd5 Qxd5+ 13. Qxd5 Nxd5 14. Bxg7
Kxg7 15. Rd1 Rfd8 16. a3 Nf4+ 17. gxf4 Rxd1 18. Nc3 Rxa1 19. Nxa1 Rd8 20. Kf3 e5
21. fxe5 Nxe5+ 22. Kg3 Rd2 23. b4 Nc4 24. a4 Rb2 25. b5 Nd2 26. e3 Nf1+ 27. Kg2
Nxe3+ 28. Kf3 Nc2 29. Nxc2 Rxc2 30. Nd5 Rc4 31. Ne7 Rxa4 32. Nc6 a6 33. bxa6
Rxa6 34. Ke4 Ra4+ 35. Kd5 Rf4 0-1

[Event "Titled Tue 1st Jul Early"]
[Site "chess.com INT"]
[Date "2025.07.01"]
[Round "4"]
[White "Rohit, S"]
[Black "Manukian, Artak"]
[Result "1-0"]
[WhiteTitle "FM"]
[WhiteElo "2215"]
[BlackElo "2104"]
[WhiteFideId "46633847"]
[BlackFideId "13301373"]
[EventDate "2025.07.01"]

1. e4 c6 2. d4 d5 3. Nc3 dxe4 4. Nxe4 Nf6 5. Nxf6+ exf6 6. Be3 Bd6 7. Bd3 O-O 8.
Ne2 Qc7 9. c4 c5 10. h3 b6 11. O-O Bb7 12. d5 Nd7 13. Qc2 g6 14. Nc3 a6 15. Rfe1
f5 16. Bh6 Rfe8 17. Bxf5 Ne5 18. Bd3 Nxd3 19. Qxd3 f5 20. Re2 Rxe2 21. Qxe2 Qd7
22. Re1 Kf7 23. Qf3 Re8 24. Ne4 Kg8 25. Nf6+ 1-0

[Event "Titled Tue 1st Jul Early"]
[Site "chess.com INT"]
[Date "2025.07.01"]
[Round "4"]
[White "Nifdaliyev, Jahangir"]
[Black "Habans Aguerrea, Javier"]
[Result "0-1"]
[WhiteTitle "FM"]
[BlackTitle "IM"]
[WhiteElo "2312"]
[BlackElo "2448"]
[WhiteFideId "13407740"]
[BlackFideId "24524689"]
[EventDate "2025.07.01"]

1. d4 Nf6 2. c4 c5 3. d5 b5 4. cxb5 a6 5. bxa6 g6 6. Nc3 Bg7 7. Nf3 O-O 8. g3 d6
9. Bg2 Nbd7 10. O-O Nb6 11. e4 Bxa6 12. Re1 Nfd7 13. Bf4 Qc7 14. Rb1 Nc4 15. Qc2
Rfb8 16. Nd2 Nce5 17. Bxe5 Nxe5 18. Bf1 Qa5 19. h3 Bxf1 20. Rxf1 Qa6 21. a3 Qd3
22. Qc1 Qxd2 0-1

[Event "Titled Tue 1st Jul Early"]
[Site "chess.com INT"]
[Date "2025.07.01"]
[Round "4"]
[White "Motola, Jacopo"]
[Black "Hayrapetyan, Edgar"]
[Result "0-1"]
[WhiteTitle "FM"]
[BlackTitle "FM"]
[WhiteElo "2333"]
[BlackElo "2161"]
[WhiteFideId "863190"]
[BlackFideId "13313568"]
[EventDate "2025.07.01"]

1. e4 e6 2. d4 d5 3. Nc3 Bb4 4. e5 c5 5. a3 Bxc3+ 6. bxc3 Ne7 7. h4 Nbc6 8. h5
h6 9. Nf3 Qc7 10. a4 cxd4 11. cxd4 Nb4 12. Bd3 Qc3+ 13. Bd2 Nxd3+ 14. cxd3 Qxd3
15. Rh3 b6 16. Bb4 Qxd1+ 17. Rxd1 Bd7 18. a5 bxa5 19. Bxa5 Nc6 20. Bc7 O-O 21.
Bd6 Rfc8 22. Kd2 a5 23. Rhh1 a4 24. Ba3 Na5 25. Bb4 Nc4+ 26. Ke2 a3 27. Ra1 a2
28. Rhc1 Rcb8 29. Bc3 Rb3 30. Nd2 Nxd2 31. Kxd2 Bb5 32. Rc2 Rba3 33. Rb2 Bc4 34.
Rb4 Rc8 35. Rc1 Rxc3 36. Kxc3 Bf1+ 0-1

[Event "Titled Tue 1st Jul Early"]
[Site "chess.com INT"]
[Date "2025.07.01"]
[Round "4"]
[White "Villa Tornero, Alex"]
[Black "Ibrahimli, Murad"]
[Result "0-1"]
[WhiteTitle "FM"]
[BlackTitle "IM"]
[WhiteElo "2282"]
[BlackElo "2438"]
[WhiteFideId "54501091"]
[BlackFideId "13410229"]
[EventDate "2025.07.01"]

1. e4 c5 2. Nf3 d6 3. c3 Nf6 4. Be2 Bg4 5. e5 dxe5 6. Nxe5 Bxe2 7. Qxe2 e6 8.
O-O Nbd7 9. Nxd7 Qxd7 10. Rd1 Bd6 11. d4 Qc7 12. h3 O-O 13. Na3 a6 14. Nc4 Be7
15. Ne5 cxd4 16. Rxd4 Bc5 17. Rd1 Rad8 18. Bf4 Nd5 19. Bg3 b5 20. Ng6 Qxg3 21.
Nxf8 Rxf8 22. Rd3 Nf4 0-1

[Event "Titled Tue 1st Jul Early"]
[Site "chess.com INT"]
[Date "2025.07.01"]
[Round "4"]
[White "Ibarra Jerez, Jose Carlos"]
[Black "Zhou, Yuxu"]
[Result "1-0"]
[WhiteTitle "GM"]
[BlackTitle "CM"]
[WhiteElo "2545"]
[BlackElo "2197"]
[WhiteFideId "2226332"]
[BlackFideId "8626421"]
[EventDate "2025.07.01"]

1. Nf3 d5 2. g3 c5 3. Bg2 Nc6 4. d4 cxd4 5. Nxd4 e5 6. Nxc6 bxc6 7. c4 Nf6 8.
O-O Be6 9. Nc3 Rc8 10. cxd5 cxd5 11. Qa4+ Qd7 12. Qxd7+ Kxd7 13. Rd1 Bc5 14. Na4
Be7 15. Bg5 e4 16. Bxf6 Bxf6 17. Bxe4 Rc4 18. Bxd5 Rxa4 19. Bb3+ Rd4 20. Rxd4+
Bxd4 21. Rd1 Bxb3 22. Rxd4+ Ke6 23. axb3 Rb8 24. Rd3 Ke5 25. Rd7 Ke6 26. Rxa7
Rxb3 27. Ra2 f5 28. Kf1 Kd5 29. Ra7 Rxb2 30. Rxg7 Rb1+ 31. Kg2 Rb2 32. e3 h5 33.
Rh7 Ke4 34. Rxh5 f4 35. Rh4 Kd3 36. Rxf4 Ke2 37. h4 Ke1 38. h5 1-0

[Event "Titled Tue 1st Jul Early"]
[Site "chess.com INT"]
[Date "2025.07.01"]
[Round "4"]
[White "Asensio Ramos, Enrique Fernando"]
[Black "Berg, Vadim Daskevich"]
[Result "1-0"]
[WhiteTitle "CM"]
[BlackTitle "IM"]
[WhiteElo "2200"]
[BlackElo "2445"]
[WhiteFideId "2214172"]
[BlackFideId "11601965"]
[EventDate "2025.07.01"]

1. d4 Nf6 2. Nc3 d5 3. Bf4 e6 4. Nb5 Na6 5. e3 c6 6. Nc3 Bd6 7. Nf3 Bxf4 8. exf4
c5 9. Bxa6 bxa6 10. dxc5 Qc7 11. Qd4 Rb8 12. O-O O-O 13. b4 Bd7 14. a3 a5 15.
Rfb1 a6 16. Qe5 Qc6 17. Nd4 Qa8 18. bxa5 Rxb1+ 19. Rxb1 Rc8 20. Rb6 h6 21. h3
Kh7 22. Qd6 Be8 23. Rxa6 Qb7 24. Rb6 Qc7 25. Qxc7 Rxc7 26. c6 Ng8 27. Ncb5 Rc8
28. Nd6 1-0

[Event "Titled Tue 1st Jul Early"]
[Site "chess.com INT"]
[Date "2025.07.01"]
[Round "4"]
[White "Perez Rojas, Jorge"]
[Black "Aarav Sinha"]
[Result "0-1"]
[WhiteTitle "FM"]
[BlackTitle "FM"]
[WhiteElo "2100"]
[BlackElo "2224"]
[WhiteFideId "3452093"]
[BlackFideId "25674064"]
[EventDate "2025.07.01"]

1. e4 c5 2. Nf3 d6 3. d4 cxd4 4. Nxd4 Nf6 5. Nc3 a6 6. Be3 e5 7. Nf3 Qc7 8. Bg5
Nbd7 9. h3 h6 10. Be3 Be7 11. Nd2 b5 12. a3 Bb7 13. Bd3 O-O 14. O-O Nc5 15. Qe2
Rfd8 16. b4 Nxd3 17. cxd3 Qxc3 18. Rfc1 Qb2 19. Rcb1 Qc2 20. Rc1 Qa4 21. Rc7 Rd7
22. Rxd7 Nxd7 23. Bxh6 Nf6 24. Be3 Rc8 0-1

[Event "Titled Tue 1st Jul Early"]
[Site "chess.com INT"]
[Date "2025.07.01"]
[Round "4"]
[White "Galaktionov, Artem"]
[Black "Qin, Kevin"]
[Result "1-0"]
[WhiteTitle "FM"]
[WhiteElo "2360"]
[BlackElo "2017"]
[WhiteFideId "24175471"]
[BlackFideId "2627949"]
[EventDate "2025.07.01"]

1. d4 Nf6 2. Nf3 c6 3. c4 d5 4. Qb3 g6 5. Nc3 dxc4 6. Qxc4 Bg7 7. Bf4 O-O 8. e4
Bg4 9. Be2 Nbd7 10. Rd1 Qa5 11. O-O Rac8 12. a3 Nh5 13. Be3 e5 14. Nxe5 Nxe5 15.
dxe5 Bxe2 16. Nxe2 Qxe5 17. b4 a6 18. f4 Qc7 19. e5 Bh6 20. g4 Ng7 21. Bc5 Rfe8
22. g5 Bxg5 23. fxg5 Qxe5 24. Qxf7+ Kh8 25. Ng3 Qxg5 26. Bd4 Rg8 27. Bf6 Qe3+
28. Kg2 h5 29. Rd7 Qh6 30. Ne4 Kh7 31. Ng5+ Kh8 32. Ne6 1-0

[Event "Titled Tue 1st Jul Early"]
[Site "chess.com INT"]
[Date "2025.07.01"]
[Round "4"]
[White "Przybylski, Bartosz"]
[Black "Tan, Zhongyi"]
[Result "0-1"]
[WhiteTitle "CM"]
[BlackTitle "GM"]
[WhiteElo "2062"]
[BlackElo "2527"]
[WhiteFideId "21878323"]
[BlackFideId "8603642"]
[EventDate "2025.07.01"]

1. e4 e5 2. Bc4 Nf6 3. d3 c6 4. Nf3 d5 5. Bb3 a5 6. a4 Bb4+ 7. c3 Bd6 8. exd5
cxd5 9. Bg5 Be6 10. Na3 Nbd7 11. Nb5 Bb8 12. O-O O-O 13. Re1 Ra6 14. Bh4 Re8 15.
Nd2 Nc5 16. Bc2 Bd7 17. d4 exd4 18. Rxe8+ Qxe8 19. Nxd4 Nfe4 20. Nxe4 Nxe4 21.
Bb3 Rh6 22. Bg3 Bxg3 23. hxg3 Nxg3 24. f3 Qe3# 0-1

[Event "Titled Tue 1st Jul Early"]
[Site "chess.com INT"]
[Date "2025.07.01"]
[Round "4"]
[White "Luong Phuong Hanh"]
[Black "Goryachkina, Aleksandra"]
[Result "0-1"]
[WhiteTitle "WIM"]
[BlackTitle "GM"]
[WhiteElo "2121"]
[BlackElo "2533"]
[WhiteFideId "12401013"]
[BlackFideId "4147103"]
[EventDate "2025.07.01"]

1. d4 Nf6 2. Nf3 g6 3. g3 Bg7 4. Bg2 O-O 5. O-O d6 6. a4 c6 7. a5 Nbd7 8. Nc3
Qc7 9. e4 e5 10. h3 h6 11. Be3 Re8 12. Qd2 Kh7 13. Rfd1 exd4 14. Nxd4 Nc5 15.
Nde2 Ncxe4 16. Nxe4 Nxe4 17. Bxe4 Rxe4 18. Qxd6 Qxd6 19. Rxd6 Bxh3 20. c3 a6 21.
Rad1 Rae8 22. Nf4 Bg4 23. R1d2 Bf3 24. Rd7 Ra4 25. Kh2 Ra1 26. g4 Be5 27. Rxf7+
Kg8 28. Rdd7 g5 29. Kg3 Bd5 30. Rfe7 Rxe7 31. Rxe7 gxf4+ 32. Bxf4 Rg1+ 33. Kh2
Rg2+ 34. Kh3 Bxf4 0-1

[Event "Titled Tue 1st Jul Early"]
[Site "chess.com INT"]
[Date "2025.07.01"]
[Round "4"]
[White "Levitskiy, Andrey"]
[Black "Lazaro Azcutia, Miguel"]
[Result "1-0"]
[WhiteTitle "FM"]
[BlackTitle "CM"]
[WhiteElo "2306"]
[BlackElo "2275"]
[WhiteFideId "14132885"]
[BlackFideId "54538254"]
[EventDate "2025.07.01"]

1. e4 c5 2. Nf3 d6 3. d4 cxd4 4. Nxd4 Nf6 5. Nc3 Nc6 6. Bc4 Bd7 7. Nxc6 Bxc6 8.
Qe2 e6 9. Bf4 Qa5 10. O-O-O O-O-O 11. e5 dxe5 12. Rxd8+ Qxd8 13. Qxe5 Nd7 14.
Qe2 Bb4 15. Nb5 Bxb5 16. Bxb5 Nb6 17. Qe5 Nd7 18. Bxd7+ 1-0

[Event "Titled Tue 1st Jul Early"]
[Site "chess.com INT"]
[Date "2025.07.01"]
[Round "4"]
[White "Kozionov, Kirill"]
[Black "Jaskolka, Tomasz"]
[Result "0-1"]
[WhiteTitle "IM"]
[BlackTitle "CM"]
[WhiteElo "2442"]
[BlackElo "2194"]
[WhiteFideId "24101729"]
[BlackFideId "1170791"]
[EventDate "2025.07.01"]

1. d4 d5 2. c4 c6 3. Nc3 Nf6 4. Nf3 e6 5. Bf4 dxc4 6. a4 Bb4 7. e3 Nd5 8. Rc1
Nxf4 9. exf4 b5 10. axb5 cxb5 11. Be2 Bb7 12. O-O Nd7 13. Nxb5 O-O 14. Bxc4 Nb6
15. Bd3 Nd5 16. f5 Nf4 17. fxe6 fxe6 18. Re1 Bxe1 19. Nxe1 Qg5 20. Bf1 Nh3+ 21.
Kh1 Nxf2+ 22. Kg1 Nh3+ 23. Kh1 Rxf1# 0-1

[Event "Titled Tue 1st Jul Early"]
[Site "chess.com INT"]
[Date "2025.07.01"]
[Round "4"]
[White "Huschenbeth, Niclas"]
[Black "Javakhadze, Zurab"]
[Result "0-1"]
[WhiteTitle "GM"]
[BlackTitle "IM"]
[WhiteElo "2591"]
[BlackElo "2418"]
[WhiteFideId "24604747"]
[BlackFideId "13603647"]
[EventDate "2025.07.01"]

1. e4 e5 2. Nf3 Nc6 3. Bc4 Nf6 4. d4 exd4 5. e5 d5 6. Bb5 Ne4 7. Nxd4 Bd7 8.
Bxc6 bxc6 9. O-O Bc5 10. f3 Ng5 11. Be3 Bb6 12. f4 Ne4 13. Nd2 Nxd2 14. Qxd2 c5
15. Nf3 d4 16. Bf2 Bc6 17. Qd3 Qd7 18. f5 Bb5 19. c4 dxc3 20. Qxd7+ Bxd7 21. e6
fxe6 22. fxe6 Bb5 23. Rfe1 Ba5 24. b3 c2 25. Re3 Rd8 0-1

[Event "Titled Tue 1st Jul Early"]
[Site "chess.com INT"]
[Date "2025.07.01"]
[Round "4"]
[White "Ilkhomi, Jaloliddin"]
[Black "Niemann, Hans Moke"]
[Result "0-1"]
[WhiteTitle "FM"]
[BlackTitle "GM"]
[WhiteElo "2315"]
[BlackElo "2736"]
[WhiteFideId "14700948"]
[BlackFideId "2093596"]
[EventDate "2025.07.01"]

1. e4 e5 2. Nf3 Nc6 3. Bc4 Nf6 4. d3 h6 5. O-O d6 6. a4 g5 7. c3 Bg7 8. a5 O-O
9. a6 b6 10. b4 Ne7 11. b5 Ng6 12. Re1 g4 13. Nfd2 d5 14. exd5 Nxd5 15. Ne4 Be6
16. Qb3 Kh7 17. Ng3 Ndf4 18. Bxe6 fxe6 19. Rd1 Qh4 20. Ra2 Rf7 21. Be3 Raf8 22.
Nd2 Nxg2 23. Kxg2 Qh3+ 24. Kh1 Rxf2 0-1

[Event "Titled Tue 1st Jul Early"]
[Site "chess.com INT"]
[Date "2025.07.01"]
[Round "4"]
[White "Zakin, Ilay"]
[Black "Mafra, Kaiser Luiz"]
[Result "1-0"]
[WhiteTitle "FM"]
[BlackTitle "CM"]
[WhiteElo "2300"]
[BlackElo "2043"]
[WhiteFideId "2848279"]
[BlackFideId "2106698"]
[EventDate "2025.07.01"]

1. e4 c5 2. c3 g6 3. d4 cxd4 4. cxd4 Bg7 5. Nf3 d6 6. Nc3 e6 7. Bd3 Ne7 8. O-O
O-O 9. Be3 Nbc6 10. Qd2 Bd7 11. Bh6 Rc8 12. Bxg7 Kxg7 13. d5 Ne5 14. Nxe5 dxe5
15. f4 exd5 16. fxe5 dxe4 17. Bxe4 Bc6 18. Qf4 Nd5 19. Nxd5 Bxd5 20. Bxd5 Qxd5
21. Rad1 Qxa2 22. Rd7 Rc2 23. Qf6+ Kg8 24. Rd8 Qxb2 25. Rxf8+ Kxf8 26. Qxf7# 1-0

[Event "Titled Tue 1st Jul Early"]
[Site "chess.com INT"]
[Date "2025.07.01"]
[Round "4"]
[White "Jaiswal, Rupesh"]
[Black "Romany, Joy"]
[Result "0-1"]
[WhiteTitle "FM"]
[BlackTitle "WIM"]
[WhiteElo "2064"]
[BlackElo "1960"]
[WhiteFideId "12300870"]
[BlackFideId "10656820"]
[EventDate "2025.07.01"]

1. e4 e5 2. Nf3 Nc6 3. d4 exd4 4. Nxd4 Nf6 5. Nxc6 bxc6 6. e5 Qe7 7. Qe2 Nd5 8.
c4 Ba6 9. Nd2 g6 10. Ne4 Bg7 11. Bg5 Qb4+ 12. Qd2 Qxd2+ 13. Kxd2 Nb6 14. Nf6+
Kf8 15. c5 Nc4+ 16. Kc3 Nxe5 17. Bxa6 h6 18. f4 Ng4 19. Bh4 Nxf6 20. Bxf6 Bxf6+
21. Kc2 Rb8 22. b3 Bxa1 23. Rxa1 d5 24. Re1 Rb4 25. g3 Re4 26. Rxe4 dxe4 27. Bb7
f5 28. Bxc6 Ke7 29. b4 Rd8 30. b5 Rd4 31. Kc3 Rd1 32. a4 Ra1 33. Kb4 e3 34. Bf3
Rf1 0-1

[Event "Titled Tue 1st Jul Early"]
[Site "chess.com INT"]
[Date "2025.07.01"]
[Round "4"]
[White "Indjic, Aleksandar"]
[Black "Sarasketa Irastortza, Oier"]
[Result "1/2-1/2"]
[WhiteTitle "GM"]
[BlackTitle "CM"]
[WhiteElo "2661"]
[BlackElo "2140"]
[WhiteFideId "911925"]
[BlackFideId "54728207"]
[EventDate "2025.07.01"]

1. d4 Nf6 2. Nc3 d5 3. Bf4 e6 4. e3 Bb4 5. Ne2 O-O 6. a3 Be7 7. Ng1 c5 8. Nf3 b6
9. Bd3 Ba6 10. h3 Bxd3 11. Qxd3 Nc6 12. g4 Rc8 13. Rg1 cxd4 14. exd4 Bd6 15. Bg5
Na5 16. Ne5 Nc4 17. Nxc4 Rxc4 18. Ne2 Be7 19. Bxf6 Bxf6 20. c3 e5 21. dxe5 Bxe5
22. Rd1 Re8 23. Kf1 Rc6 24. Kg2 Rd6 25. Qf3 d4 26. cxd4 Bxd4 27. Rxd4 Rxd4 28.
Nxd4 Qxd4 29. Re1 Rd8 30. Qc6 Kf8 31. b4 Qd5+ 32. Qxd5 Rxd5 33. Rc1 Ke7 34. Rc7+
Rd7 35. Rc3 Rd2 1/2-1/2

[Event "Titled Tue 1st Jul Early"]
[Site "chess.com INT"]
[Date "2025.07.01"]
[Round "4"]
[White "Shamatava, Nikolozi"]
[Black "Grutter, Tim"]
[Result "0-1"]
[WhiteTitle "FM"]
[BlackTitle "IM"]
[WhiteElo "2246"]
[BlackElo "2405"]
[WhiteFideId "13619950"]
[BlackFideId "1057472"]
[EventDate "2025.07.01"]

1. e4 c5 2. Nf3 Nc6 3. Nc3 g6 4. d4 cxd4 5. Nxd4 Bg7 6. Be3 Nf6 7. f3 O-O 8. Qd2
d5 9. exd5 Nxd5 10. Nxd5 Qxd5 11. Nxc6 Qxc6 12. c3 Bf5 13. Qf2 Bxc3+ 14. Bd2
Bxb2 15. Rd1 Bc2 16. Bh6 Bc3+ 17. Rd2 Rfd8 18. Be2 Qf6 19. Qc5 Bxd2+ 20. Bxd2
Qa1+ 21. Kf2 Qxh1 22. Qxc2 Rac8 23. Qb2 Qxh2 24. Qxb7 Qh4+ 25. Kf1 Rc2 26. Be3
Rd1+ 27. Bxd1 Qh1+ 28. Bg1 Qxg2+ 29. Ke1 Qxg1# 0-1

[Event "Titled Tue 1st Jul Early"]
[Site "chess.com INT"]
[Date "2025.07.01"]
[Round "4"]
[White "Shariyazdanov, Andrey"]
[Black "Arun, Siddharth"]
[Result "1-0"]
[WhiteTitle "GM"]
[WhiteElo "2505"]
[BlackElo "1978"]
[WhiteFideId "4122747"]
[BlackFideId "2079178"]
[EventDate "2025.07.01"]

1. d4 Nf6 2. c4 c5 3. d5 e6 4. Nc3 exd5 5. cxd5 d6 6. e4 g6 7. Bd3 Bg7 8. h3 O-O
9. Nf3 b5 10. O-O c4 11. Bc2 b4 12. Ne2 Ba6 13. Re1 Nbd7 14. Ned4 Nc5 15. Nc6
Qc7 16. Nxb4 Bb7 17. Bf4 a5 18. Nc6 Bxc6 19. dxc6 Qxc6 20. Qxd6 Qb5 21. Rab1
Rad8 22. Nd4 Rxd6 23. Nxb5 Rb6 24. a4 Re8 25. f3 Nfd7 26. Be3 Rc6 27. Red1 Nb6
28. Bd4 Nbxa4 29. Bxg7 Kxg7 30. Nd6 Rb8 31. Nxc4 Nxe4 32. Bxe4 Rxc4 33. Rd7 Nc3
34. bxc3 1-0

[Event "Titled Tue 1st Jul Early"]
[Site "chess.com INT"]
[Date "2025.07.01"]
[Round "4"]
[White "Tikhonov, Viacheslav"]
[Black "Brozynski, Patryk"]
[Result "1-0"]
[WhiteTitle "CM"]
[BlackTitle "CM"]
[WhiteElo "2183"]
[BlackElo "2192"]
[WhiteFideId "44196407"]
[BlackFideId "2512700"]
[EventDate "2025.07.01"]

1. d4 Nf6 2. c4 c6 3. Nf3 d5 4. Nbd2 e6 5. e3 Nbd7 6. Bd3 Bd6 7. O-O O-O 8. e4
dxe4 9. Nxe4 Nxe4 10. Bxe4 Nf6 11. Bc2 c5 12. Bg5 cxd4 13. Qd3 g6 14. Rfe1 Be7
15. Rad1 Nh5 16. Bxe7 Qxe7 17. Qxd4 b6 18. Ne5 Bb7 19. Ng4 Ng7 20. Nf6+ Kh8 21.
Qh4 h5 22. Rd7 Qb4 23. Red1 Nf5 24. Bxf5 exf5 25. Nxh5 Qxc4 26. Qf6+ Kh7 27.
Qg7# 1-0